Normal view
MARC view
- تاليف بسرى، عادل
Entry Personal Name
001 - CONTROL NUMBER
- control field: 7189
003 - CONTROL NUMBER IDENTIFIER
- control field: JO-AjAnu
005 - DATE AND TIME OF LATEST TRANSACTION
- control field: 20230606071449.0
008 - FIXED-LENGTH DATA ELEMENTS
- fixed length control field: 230606|| aca||aabn | a|a d
040 ## - CATALOGING SOURCE
- Original cataloging agency: JO-AjAnu
- Transcribing agency: JO-AjAnu
100 ## - HEADING--PERSONAL NAME
- Personal name: تاليف بسرى، عادل
670 ## - SOURCE DATA FOUND
- Source citation: Work cat.: (JO-AjAnu)3721: تاليف بسرى، عادل, author, رحلة الساق المعلقة من رأس العش إلى راس الكوبرى